000 00536nam a2200205Ia 4500
005 20250505125009.0
008 008 250505s9999 xx 000 0 eng d
037 _aReference
040 _aLCO
_beng
_cLCO
041 _aeng
_2eng
084 _aW4:1 N2
_qLCO
100 _aRangarajan, L.N.
245 0 _a Kautiliya Arthasastra
_cL.N. Rangarajan
260 _aHaryana, India
_bPenguin India
_c1992
300 _a819
365 _aINR
_b699
650 _aLaw
942 _cREF
_hW4:1 N2
999 _c1311012
_d1311012